Effects of replacing fish meal with cassava leaves meal on the growth of local growing and fattening ducks, ប្រសិទ្ធភាពនៃការជំនួសម្សៅត្រីជាមួយស្លឹកដំឡូងមី ទៅលើការលូតលាស់របស់ទាក្នុងស្រុក (Record no. 1872)
[ view plain ]
| 000 -LEADER | |
|---|---|
| fixed length control field | 00701nam a22001577a 4500 |
| 003 - CONTROL NUMBER IDENTIFIER | |
| control field | OSt |
| 005 - DATE AND TIME OF LATEST TRANSACTION | |
| control field | 20151004100607.0 |
| 008 - FIXED-LENGTH DATA ELEMENTS--GENERAL INFORMATION | |
| fixed length control field | 151004b xxu||||| |||| 00| 0 eng d |
| 040 ## - CATALOGING SOURCE | |
| Transcribing agency | RUA |
| 082 ## - DEWEY DECIMAL CLASSIFICATION NUMBER | |
| Classification number | AVM IN 2001 B072 Or.1 |
| 100 ## - MAIN ENTRY--PERSONAL NAME | |
| 9 (RLIN) | 1980 |
| Personal name | IN, CHANMONY. |
| 245 ## - TITLE STATEMENT | |
| Title | Effects of replacing fish meal with cassava leaves meal on the growth of local growing and fattening ducks, ប្រសិទ្ធភាពនៃការជំនួសម្សៅត្រីជាមួយស្លឹកដំឡូងមី ទៅលើការលូតលាស់របស់ទាក្នុងស្រុក |
| 260 ## - PUBLICATION, DISTRIBUTION, ETC. (IMPRINT) | |
| Place of publication, distribution, etc. | Phnom Penh |
| Name of publisher, distributor, etc. | RUA |
| Date of publication, distribution, etc. | 2001 |
| 300 ## - PHYSICAL DESCRIPTION | |
| Extent | vi; 332p. |
| Other physical details | ill. |
| Dimensions | 29cm. |
| 942 ## - ADDED ENTRY ELEMENTS (KOHA) | |
| Source of classification or shelving scheme | |
| Koha item type | AVM |
| Price effective from | Date last seen | Permanent Location | Not for loan | Date acquired | Source of classification or shelving scheme | Koha item type | Lost status | Withdrawn status | Date last checked out | Total Checkouts | Shelving location | Damaged status | Barcode | Current Location | Full call number |
|---|---|---|---|---|---|---|---|---|---|---|---|---|---|---|---|
| 2015-10-04 | 2015-10-04 | Library Block B | 2015-10-04 | AVM | B072 | RUA016974 | Library Block B | AVM IN 2001 B072 Or.1 | |||||||
| 2015-10-04 | 2021-09-10 | Library Block B | 2015-10-04 | AVM | 2021-09-08 | 1 | B072 | RUA016822 | Library Block B | AVM IN 2001 B072 Or.2 | |||||
| 2015-10-04 | 2015-10-04 | Library Block B | 2015-10-04 | AVM | B072 | RUA016533 | Library Block B | AVM IN 2001 B072 Or.3 | |||||||
| 2015-10-04 | 2015-10-04 | Library Block B | 2015-10-04 | AVM | B072 | RUA016748 | Library Block B | AVM IN 2001 B072 Or.4 | |||||||
| 2015-10-04 | 2021-03-19 | Library Block B | 2015-10-04 | AVM | 2021-02-22 | 3 | B072 | RUA016893 | Library Block B | AVM IN 2001 B072 Or.5 |